Science Quiz

Random Science or Country Quiz

Elements: The Building Blocks of Countries Quiz Stats

 Plays Quiz Updated Feb 24, 2019

Support Sporcle.
Go Orange.
Score 0/34 Timer 06:00
0 Plays Today
Elements Country % Correct
Iodine, Radium, NitrogenIran
83%
Carbon, Hydrogen, Iodine, SodiumChina
82.6%
Copper, BariumCuba
80.8%
Neon, Phosphorus, AluminumNepal
79.7%
Lanthanum, OsmiumLaos
78.8%
Carbon, Americium, Erbium,
Oxygen, Oxygen, Nitrogen
Cameroon
78.2%
Argon, Germanium, Nitrogen, Titanium, SodiumArgentina
77.1%
Gallium, Boron, Oxygen, NitrogenGabon
76.5%
Phosphorus, Erbium, UraniumPeru
76.1%
Polonium, Lanthanum, NeodymiumPoland
76%
Barium, Hydrogen, Radium, IndiumBahrain
75.7%
Iodine, Cerium, Lanthanum, NeodymiumIceland
75.6%
Uranium, Potassium, Radium, Iodine, NeonUkraine
75.4%
Beryllium, Nickel, NitrogenBenin
75.3%
Bromine, Uranium, Neon, IodineBrunei
75%
Fluorine, Indium, Lanthanum, NeodymiumFinland
74.9%
Neon, Thorium, Erbium,
Lanthanum, Neodymium, Sulfur
Netherlands
73.7%
Elements Country % Correct
Iodine, Rhenium, Lanthanum, NeodymiumIreland
73%
Phosphorus, Hydrogen, Iodine, Lithium,
Phosphorus, Phosphorus, Indium, Einsteinium
Philippines
72.9%
Silicon, Nitrogen, Gallium, Polonium, RheniumSingapore
72.5%
Phosphorus, Aluminum, GoldPalau
72.5%
Beryllium, Lanthanum, Ruthenium, SulfurBelarus
72.3%
Potassium, Osmium, Oxygen, Vanadium, OxygenKosovo
72.1%
Barium, Hydrogen, Americium, ArsenicBahamas
71.7%
Carbon, Yttrium, Praseodymium, Uranium, SulfurCyprus
70.3%
Molybdenum, Sodium, CobaltMonaco
68.9%
Sodium, Uranium, RutheniumNauru
68.6%
Uranium, Nickel, Tellurium, Darmstadtium,
Tantalum, Tellurium, Sulfur
United States
67.5%
Sulfur, Protactinium, IndiumSpain
67.4%
Protactinium, Potassium, Iodine,
Sulfur, Tantalum, Nitrogen
Pakistan
65.7%
Holmium, Neodymium, Uranium, Radium, SulfurHonduras
64.9%
Potassium, Iridium, Iodine, Barium, TitaniumKiribati
64.4%
Bohrium, Uranium, Tantalum, NitrogenBhutan
62.2%
Boron, Uranium, Ruthenium, Neodymium, IodineBurundi
60.5%

You're not logged in!

Compare scores with friends on all Sporcle quizzes.
OR
Log In

From the Vault

Actor A-Z: Comedy

by markassonne

A laugh for every letter.
Remove Ads.
Support Sporcle.
Get the best of Sporcle when you Go Orange. This ad-free experience offers more features, more stats, and more fun while also helping to support Sporcle. Thank you for becoming a member.

Show Comments

Extras

Top Quizzes Today


Score Distribution

Your Account Isn't Verified!

In order to create a playlist on Sporcle, you need to verify the email address you used during registration. Go to your Sporcle Settings to finish the process.

Report this User

Report this user for behavior that violates our Community Guidelines.

Details: